000 00812nam a2200241 i 4500
001 bg
245 0 0 _aMikroprzedsiębiorstwa :
_bsytuacja ekonomiczna, finansowa, właściciele : praca zbiorowa /
_cpod red. Ewy Balcerowicz.
260 _aWarszawa :
_bCASE - Centrum Analiz Społeczno-Ekonomicznych,
_c2002.
300 _a236 s. ;
_c24 cm.
490 1 _aW Stronę Rynku
504 _aBibliogr.
650 9 _aPrzedsiębiorstwa małe i średnie
_xbadanie
_zPolska
_yod 1989 r.
700 1 _aBALCEROWICZ, Ewa.
_eRed.
830 _aW Stronę Rynku
020 _a8371782837
040 _cBPK
041 0 _apl
080 _a658.114(438)
920 _a83-7178-283-7
942 _cKS
008 s pl f |000 0 pol
999 _c41074
_d41074
856 _uhttp://koha.tu.koszalin.pl/cgi-bin/koha/opac-detail.pl?biblionumber=41074
_yKatalog online BPK